| 000 | 00786na a2200277 4500 | ||
|---|---|---|---|
| 999 |
_c2 _d2 |
||
| 001 | 14130 | ||
| 003 | MIRAKIL | ||
| 005 | 20181213225425.0 | ||
| 008 | 161101b tu 000 0 | ||
| 020 | _a9789759919894 | ||
| 035 | _a14130 | ||
| 040 |
_aMilas _btur _cTR-AnCHP |
||
| 041 | _atur | ||
| 082 |
_a323.1191992 _bB54s 2008 |
||
| 090 | _a323.1191992 B54s 2008 | ||
| 100 | _aBildirici, Faruk | ||
| 245 |
_aSerkis bu toprakları sevmişti _cFaruk Bildirici |
||
| 260 |
_aİstanbul _bDoğan Kitap _c2008 |
||
| 300 |
_a166 s. _bfotg. _c23 sm. |
||
| 600 |
_aİmas, Serkis _d1933-2007 _xGünlükler |
||
| 650 |
_aErmeniler _xYaşamöyküsü _zAlmanya |
||
| 650 |
_aGöçmenler _xErmeniler _zTürkiye |
||
| 650 |
_aErmeniler _xYaşamöyküsü _zTürkiye |
||
| 942 |
_2ddc _cBKS |
||
| 999 | _d2 | ||